Statistiche per Antagonisti Disney

Clicka qui per fare il quiz!

Statistiche generali

  • Questo quiz è stato fatto 767 volte
  • Il punteggio medio è 19 su 30

Statistiche sulle risposte

CattivoFilm% Corretto
Capitan UncinoPeter Pan
98%
Crudelia DemonLa Carica dei cento e uno
94%
JafarAladdin
92%
Mangiafuoco, il gatto e la volpe, la balenaPinocchio
92%
Regina di CuoriAlice nel paese delle meraviglie
90%
AdeHercules
90%
Ursulala sirenetta
89%
ScarIl re leone
88%
Lady Tamaine, Anastasia, Genoveffa e LuciferoCenerentola
87%
GastonLa Bella e la Bestia
87%
MaleficaLa bella addormentata nel bosco
85%
Direttore del circoDumbo
79%
Shan YuMulan
79%
Principe HansFrozen
77%
Regina Cattiva/GrimildeBiancaneve
73%
Maga MagòLa spada nella roccia
71%
Madre GothelRapunzel
69%
Principe GiovanniRobin Hood
61%
Shere Khan e KaaIl libro della giungla
59%
EdgarGli Aristogatti
58%
Claude FrolloIl gobbo di Notredame
58%
YzmaLe follie dell'imperatore
57%
Dr. FacilierLa principessa e il ranocchio
43%
Governatore RatcliffePocahontas
38%
Clayton e SaborTarzan
26%
Madame MedusaLe avventure di Bianca e Bernie
23%
RatiganBasil l'investigatopo
22%
Zia Sara e Si & AmLilli e il vagabondo
18%
John Silver & ScroopIl pianeta del tesoro
17%
Amos SladeRed e Toby - Nemiciamici
13%

Distribuzione punteggi

Percentile per numero di risposta

Percentuale di utenti per punteggio

I tuoi punteggi nel tempo

Non hai fatto questo quiz